| 000 | 00697nam a2200181Ia 4500 | ||
|---|---|---|---|
| 008 | 100921s9999 xx 000 0 und d | ||
| 082 |
_b6606 _a294.5211 थ 78 |
||
| 100 | _aढेरे रा. चिं. | ||
| 245 | _aमहाराष्ट्राचा देव्हारा. | ||
| 260 |
_bविश्वकर्मा साहित्यालय,पुणे. _c1978 |
||
| 300 |
_a140 _b--- |
||
| 365 | _b10 | ||
| 520 | _aधर्म-दैवते. | ||
| 630 | _aमहाराष्ट्राचा देव्हारा. | ||
| 650 | _aधर्म-दैवते. | ||
| 730 | _aमहाराष्ट्राचा देव्हारा. | ||
| 942 | _cBOOK | ||
| 999 |
_c755719 _d755716 |
||